Statistics for Top 10 Meat consuming countries

Click here to take the quiz!

General Stats

  • This quiz has been taken 53 times
  • The average score is 6 of 10

Answer Stats

lbs per capitaAnswer% Correct
200.6USA
96%
155.4Canada
88%
205.0Australia
85%
172.2Brazil
77%
186.7Argentina
73%
162.0New Zealand
71%
159.8Chile
69%
182.2Uruguay
44%
189.6Israel
23%
121.0Malaysia
15%

Score Distribution

Percentile by Number Answered

Percent of People with Each Score

Your Score History

You have not taken this quiz